Horticultural reviews
Guardat en:
| Autor principal: | |
|---|---|
| Format: | Llibre |
| Idioma: | anglès |
| Publicat: |
Westport
AVI
1979
|
| Matèries: | |
| Etiquetes: |
Afegir etiqueta
Sense etiquetes, Sigues el primer a etiquetar aquest registre!
|
MARC
| LEADER | 00000nam a2200000 a 4500 | ||
|---|---|---|---|
| 001 | UCR3948 | ||
| 003 | CL-VaPUC | ||
| 008 | 980307e19790000US |||||||||||||||||eng|d | ||
| 082 | 0 | 4 | |a 635 |b JAN |2 21 |
| 100 | |a Janick, Jules |e author |9 599568 | ||
| 245 | 1 | 0 | |a Horticultural reviews |
| 300 | |a v | ||
| 942 | |c BK | ||
| 945 | |d 19980307 00:00:00 |a jquezada | ||
| 260 | |a Westport |b AVI |c 1979 | ||
| 650 | 0 | |a Horticultura |9 259721 | |
| 650 | 0 | |a Fertilizantes |9 262833 | |
| 650 | 0 | |a Frutas |9 259500 | |
| 650 | 0 | |a Vegetales |9 264557 | |
| 650 | 7 | |a MEDIO AMBIENTE AGRICOLA |2 CL-VaPUC |9 403464 | |
| 650 | 0 | |a Fisiología vegetal |9 260158 | |
| 650 | 0 | |a Desarrollo vegetal |9 338112 | |
| 650 | 7 | |a CRECIMIENTO |2 CL-VaPUC |9 403465 | |
| 583 | |a last modification |c 19980307 00:00:00 |k Rodrigo Vera | ||
| 999 | |c 266964 |d 266962 | ||
| 952 | |0 0 |1 0 |2 ddc |4 0 |6 635_000000000000000_JAN_1979 |7 0 |8 A |9 299026 |a BIBAGR |b BIBAGR |d 2019-11-20 |h v.1 |i 3394344 |o 635 JAN 1979 |p 3394344 |r 2025-01-20 |w 2019-11-20 |y BK |k AGR | ||
| 952 | |0 0 |1 0 |2 ddc |4 0 |6 635_000000000000000_JAN_1979 |7 0 |8 A |9 299027 |a BIBAGR |b BIBAGR |d 2019-11-20 |h v.2 |i 3394484 |o 635 JAN 1979 |p 3394484 |r 2025-01-20 |w 2019-11-20 |y BK |k AGR | ||